[Event "Ruhrgebiet Regionalliga 1617"]
[Site "Germany"]
[Date "2016.11.06"]
[Round "3.8"]
[White "Kindermann, Carsten"]
[Black "Boehm, Malte"]
[Result "0-1"]
[WhiteElo "1941"]
[BlackElo "1955"]
[PlyCount "168"]
[EventDate "2016.09.11"]
[EventType "team-tourn"]
[EventRounds "9"]
[EventCountry "GER"]
[SourceTitle "EXT 2022"]
[Source "ChessBase"]
[SourceDate "2021.10.06"]
[SourceVersion "1"]
[SourceVersionDate "2021.10.06"]
[SourceQuality "1"]
[WhiteTeam "Borbeck Weisse Dame"]
[BlackTeam "Brackel SF"]
[WhiteTeamCountry "GER"]
[BlackTeamCountry "GER"]

1. e4 c5 2. c3 d5 3. exd5 Qxd5 4. d4 Nc6 5. Nf3 Bg4 6. Be2 e6 7. 0-0 Nf6 8. h3 Bh5 9. c4 Qd8 10. dxc5 Bxc5 11. Nc3 0-0 12. Bg5 Be7 13. a3 Qb6 14. Be3 Qc7 15. Nb5 Qc8 16. Nfd4 Bxe2 17. Qxe2 a6 18. Nxc6 Qxc6 19. Nd4 Qe4 20. Nf3 Rac8 21. Rac1 Rfd8 22. Rfe1 h6 23. Nd2 Qd3 24. Qf3 Bc5 25. Rc3 Qd7 26. Nf1 Bxe3 27. Nxe3 Qc6 28. Qxc6 Rxc6 29. Rd1 Rxd1+ 30. Nxd1 Kf8 31. f3 Nd7 32. b4 Ke7 33. Kf2 a5 34. c5 axb4 35. axb4 b6 36. cxb6 Rxb6 37. Rc4 Ne5 38. Rc7+ Kf6 39. Nc3 Rxb4 40. Ne4+ Kg6 41. Nd2 Rd4 42. Ke3 Rd3+ 43. Ke2 Rd7 44. Rc3 Kf6 45. Rc5 Ng6 46. g3 Ne7 47. Ne4+ Kg6 48. h4 Nd5 49. Nf2 Rc7 50. Rxc7 Nxc7 51. Ke3 Nd5+ 52. Kd4 f6 53. Nd3 Ne7 54. g4 Kf7 55. h5 g6 56. hxg6+ Nxg6 57. Ke4 Ne7 58. Nf4 Nc6 59. Nd3 Na7 60. Kd4 Nb5+ 61. Kc4 Nc7 62. f4 Nd5 63. Kd4 Kg6 64. Ke4 Ne7 65. Kf3 Nc6 66. Nc5 Kf7 67. Ke4 Ne7 68. Kf3 f5 69. Nd7 fxg4+ 70. Kxg4 Nf5 71. Nc5 Ng7 72. Ne4 Kg6 73. Kf3 Nh5 74. Nd6 Nf6 75. Nc4 Nd5 76. Ke4 h5 77. f5+ exf5+ 78. Kxd5 Kg5 79. Kd4 Kf4 80. Ne5 h4 81. Ng6+ Kg3 82. Ke3 h3 83. Nf4 h2 84. Ne2+ Kg4 0-1

[Event "Ruhrgebiet Regionalliga 1516"]
[Site "Germany"]
[Date "2016.04.10"]
[Round "8.8"]
[White "Kindermann, Carsten"]
[Black "Holtkamp, Matthias"]
[Result "1/2-1/2"]
[WhiteElo "1940"]
[BlackElo "1927"]
[PlyCount "39"]
[EventDate "2015.09.13"]
[EventType "team-tourn"]
[EventRounds "9"]
[EventCountry "GER"]
[SourceTitle "EXT 2022"]
[Source "ChessBase"]
[SourceDate "2021.10.06"]
[SourceVersion "1"]
[SourceVersionDate "2021.10.06"]
[SourceQuality "1"]
[WhiteTeam "Borbeck Weisse Dame"]
[BlackTeam "Gladbeck SG"]
[WhiteTeamCountry "GER"]
[BlackTeamCountry "GER"]

1. e4 e6 2. d4 d5 3. Nd2 Nf6 4. Bd3 c5 5. e5 Nfd7 6. c3 Nc6 7. Ndf3 Qb6 8. Ne2 f6 9. exf6 Nxf6 10. 0-0 cxd4 11. cxd4 Bd6 12. a3 0-0 13. Nc3 e5 14. dxe5 Nxe5 15. Be2 Nxf3+ 16. Bxf3 d4 17. Ne4 Nxe4 18. Bxe4 Bf5 19. Bd5+ Kh8 20. Qb3 1/2-1/2

[Event "Ruhrgebiet Verbandsklasse Gruppe 2 1415"]
[Site "Germany"]
[Date "2014.11.16"]
[Round "3"]
[White "Patzer, Joerg"]
[Black "Kindermann, Carsten"]
[Result "0-1"]
[WhiteElo "1951"]
[BlackElo "1919"]
[PlyCount "70"]
[EventDate "2014.09.21"]
[EventType "team-tourn"]
[EventRounds "9"]
[EventCountry "GER"]
[SourceTitle "EXT 2022"]
[Source "ChessBase"]
[SourceDate "2021.10.06"]
[SourceVersion "1"]
[SourceVersionDate "2021.10.06"]
[SourceQuality "1"]
[WhiteTeam "Horst Emscher II"]
[BlackTeam "Borbeck Weisse Dame II"]
[WhiteTeamCountry "GER"]
[BlackTeamCountry "GER"]

1. d4 d5 2. Nf3 Nf6 3. c4 dxc4 4. e3 e6 5. Bxc4 a6 6. a4 c5 7. 0-0 Nc6 8. Nc3 Be7 9. Qe2 cxd4 10. Rd1 0-0 11. Nxd4 Qc7 12. Nxc6 Qxc6 13. e4 Bb4 14. Na2 Be7 15. e5 Nd5 16. Bd2 b6 17. b4 Qxa4 18. Qg4 Qc2 19. Rac1 Qg6 20. Qe2 f5 21. exf6 Bxf6 22. Nc3 Bxc3 23. Rxc3 Nxc3 24. Bxc3 b5 25. Bd3 Qh6 26. Qe4 Bd7 27. Bd2 Qh5 28. g4 Qg6 29. Qd4 Qf7 30. Be3 Bc6 31. Bxh7+ Kxh7 32. Qd3+ Kg8 33. Bc5 Qf3 34. Qxf3 Rxf3 35. Rd6 Bd5 0-1

[Event "Ruhrgebiet VK1 1213"]
[Site "Nordrheinwestfalen"]
[Date "2012.10.28"]
[Round "3.3"]
[White "Voss, Guenther"]
[Black "Kindermann, Carsten"]
[Result "1/2-1/2"]
[WhiteElo "2008"]
[BlackElo "1918"]
[PlyCount "125"]
[EventDate "2012.09.02"]
[EventType "team-tourn"]
[EventRounds "9"]
[EventCountry "GER"]
[SourceTitle "EXT 2020"]
[Source "ChessBase"]
[SourceDate "2019.10.17"]
[SourceVersion "1"]
[SourceVersionDate "2019.10.17"]
[SourceQuality "1"]
[WhiteTeam "Muelheim Nord IV"]
[BlackTeam "Weisse Dame Borbeck II"]
[WhiteTeamCountry "GER"]
[BlackTeamCountry "GER"]

1. e4 e5 2. Nf3 d6 3. d4 Nd7 4. Bc4 c6 5. a4 Be7 6. Nc3 Ngf6 7. Ba2 0-0 8. 0-0 a5 9. Kh1 Qc7 10. Be3 Rb8 11. Qd2 b5 12. axb5 cxb5 13. dxe5 dxe5 14. Nd5 Nxd5 15. exd5 Nf6 16. Nxe5 Ne4 17. Qd4 Bf6 18. f4 Nd6 19. Qc5 Rb7 20. c3 Bd8 21. Nc6 Bf6 22. Nxa5 Qxa5 23. Qxd6 Rd7 24. Qb6 Qa4 25. d6 Qe4 26. Rad1 Bb7 27. Rd2 Re8 28. Bc5 Qa4 29. b3 Qe4 30. Qxb5 Bxc3 31. Bb1 Bc6 32. Qa6 Bb7 33. Qa2 Qe1 34. Rd1 Qe2 35. Qxe2 Rxe2 36. Rf2 Rxf2 37. Bxf2 Bb4 38. Kg1 Rxd6 39. Rxd6 Bxd6 40. g3 Bd5 41. Bc2 f6 42. Bd4 Kf7 43. Kf2 g5 44. Be3 h6 45. Ke2 Ke7 46. Kd3 Bb4 47. Bd1 Ke6 48. fxg5 fxg5 49. Bg4+ Kd6 50. Kc2 Ke5 51. h4 Ke4 52. Bc1 Bd6 53. hxg5 hxg5 54. Bxg5 Bxg3 55. b4 Kd4 56. Be7 Bc4 57. Bc5+ Ke4 58. Kc3 Bb5 59. Kb3 Be1 60. Be6 Ke5 61. Bc4 Bxc4+ 62. Kxc4 Bxb4 63. Bxb4 1/2-1/2

[Event "Ruhrgebiet VK1 1112"]
[Site "Nordrheinwestfalen"]
[Date "2011.10.09"]
[Round "2.3"]
[White "Rostek, Joerg"]
[Black "Kindermann, Carsten"]
[Result "1/2-1/2"]
[WhiteElo "2025"]
[BlackElo "1910"]
[PlyCount "55"]
[EventDate "2012.09.18"]
[EventType "team-tourn"]
[EventRounds "9"]
[EventCountry "GER"]
[SourceTitle "EXT 2020"]
[Source "ChessBase"]
[SourceDate "2019.10.17"]
[SourceVersion "1"]
[SourceVersionDate "2019.10.17"]
[SourceQuality "1"]
[WhiteTeam "Hoentrop SG"]
[BlackTeam "Weisse Dame Borbeck II"]
[WhiteTeamCountry "GER"]
[BlackTeamCountry "GER"]

1. Nf3 d5 2. g3 c5 3. Bg2 Nc6 4. 0-0 e5 5. d3 Be7 6. e4 dxe4 7. dxe4 Qxd1 8. Rxd1 Bg4 9. Re1 Nd4 10. Nxd4 cxd4 11. c3 Bc5 12. Nd2 dxc3 13. bxc3 Ne7 14. Nc4 Nc6 15. Be3 Bxe3 16. Nxe3 Bd7 17. Rab1 b6 18. Rbd1 Rd8 19. Rd6 Ke7 20. Red1 Nb8 21. f4 f6 22. Bf1 Be6 23. Rxe6+ Kxe6 24. Bc4+ Ke7 25. Nf5+ Ke8 26. Nxg7+ Ke7 27. Nf5+ Ke8 28. Ng7+ 1/2-1/2

[Event "Ruhrgebiet VK1 0910"]
[Site "Ruhrgebiet"]
[Date "2010.02.07"]
[Round "6.1"]
[White "Stohl, Igor"]
[Black "Kindermann, Carsten"]
[Result "1-0"]
[WhiteElo "2549"]
[BlackElo "1980"]
[PlyCount "69"]
[EventDate "2009.09.06"]
[EventType "team"]
[EventRounds "9"]
[EventCountry "GER"]
[SourceTitle "EXT 2011"]
[Source "ChessBase"]
[SourceDate "2010.11.26"]
[SourceVersion "1"]
[SourceVersionDate "2010.11.26"]
[SourceQuality "1"]
[WhiteTeam "Hattingen"]
[BlackTeam "Borbeck Weisse Dame II"]
[WhiteTeamCountry "GER"]
[BlackTeamCountry "GER"]

1. c4 e5 2. Nc3 Nf6 3. Nf3 Nc6 4. e3 Be7 5. a3 a5 6. d4 d6 7. Be2 0-0 8. 0-0 Re8 9. d5 Nb8 10. e4 Nbd7 11. Qc2 Nc5 12. Be3 Bg4 13. b4 Ncd7 14. h3 Bxf3 15. Bxf3 h6 16. Na4 Nh7 17. Bd2 axb4 18. axb4 b6 19. g3 Bg5 20. Be3 g6 21. Bg2 Bf6 22. h4 Bg7 23. Bd2 g5 24. Bxg5 Nxg5 25. Nc3 Qf6 26. Qd3 h5 27. Nb5 Rxa1 28. Rxa1 Rc8 29. Ra7 Bh6 30. Rxc7 Rxc7 31. Nxc7 Nf3+ 32. Bxf3 Bd2 33. Qxd2 Qxf3 34. Ne8 Qg4 35. Qh6 1-0

[Event "Ruhrgebiet VK1 0910"]
[Site "Ruhrgebiet"]
[Date "2009.09.06"]
[Round "1.1"]
[White "Nissen, Claus"]
[Black "Kindermann, Carsten"]
[Result "1-0"]
[WhiteElo "2171"]
[BlackElo "1980"]
[PlyCount "33"]
[EventDate "2009.09.06"]
[EventType "team"]
[EventRounds "9"]
[EventCountry "GER"]
[SourceTitle "EXT 2011"]
[Source "ChessBase"]
[SourceDate "2010.11.26"]
[SourceVersion "1"]
[SourceVersionDate "2010.11.26"]
[SourceQuality "1"]
[WhiteTeam "Essen Ueberruhr II"]
[BlackTeam "Borbeck Weisse Dame II"]
[WhiteTeamCountry "GER"]
[BlackTeamCountry "GER"]

1. d4 d5 2. c4 dxc4 3. e4 b5 4. a4 Bb7 5. axb5 Bxe4 6. Nc3 Bb7 7. Nf3 Nf6 8. Bxc4 e6 9. 0-0 Be7 10. Ne5 0-0 11. Be3 Nd5 12. Qh5 g6 13. Qh3 Bg5 14. Nxf7 Rxf7 15. Qxe6 c6 16. bxc6 Bxc6 17. Nxd5 1-0

[Event "Ruhrgebiet VK3 0405"]
[Site "Ruhrgebiet"]
[Date "2005.01.09"]
[Round "5.3"]
[White "Kreul, Helmut"]
[Black "Kindermann, Carsten"]
[Result "1/2-1/2"]
[WhiteElo "2028"]
[BlackElo "1939"]
[PlyCount "50"]
[EventDate "2004.09.12"]
[EventType "team-tourn"]
[EventRounds "9"]
[EventCountry "GER"]
[SourceTitle "EXT 2006"]
[Source "ChessBase"]
[SourceDate "2005.11.24"]
[SourceVersion "1"]
[SourceVersionDate "2005.11.24"]
[SourceQuality "1"]
[WhiteTeam "Bottrop"]
[BlackTeam "Essen Borbeck II"]
[WhiteTeamCountry "GER"]
[BlackTeamCountry "GER"]

1. d4 d5 2. c4 dxc4 3. Nf3 c5 4. d5 Nf6 5. Nc3 e6 6. e4 a6 7. a4 exd5 8. exd5 Bd6 9. Bxc4 h6 10. 0-0 0-0 11. h3 Nbd7 12. a5 Ne5 13. Nxe5 Bxe5 14. Be3 Bd6 15. Qd2 Bf5 16. Bd3 Qd7 17. Bxf5 Qxf5 18. Rfe1 Rfd8 19. Rad1 Bf8 20. Qd3 Qd7 21. Qc4 Rac8 22. Bf4 Bd6 23. Bxd6 Qxd6 24. Na4 Rc7 25. Nb6 Nd7 1/2-1/2

[Event "Ruhrgebiet VK3 0405"]
[Site "Ruhrgebiet"]
[Date "2004.09.12"]
[Round "1.3"]
[White "Gohla, Ulf"]
[Black "Kindermann, Carsten"]
[Result "1-0"]
[WhiteElo "2134"]
[BlackElo "1939"]
[PlyCount "53"]
[EventDate "2004.09.12"]
[EventType "team-tourn"]
[EventRounds "9"]
[EventCountry "GER"]
[SourceTitle "EXT 2006"]
[Source "ChessBase"]
[SourceDate "2005.11.24"]
[SourceVersion "1"]
[SourceVersionDate "2005.11.24"]
[SourceQuality "1"]
[WhiteTeam "Wattenscheid IV"]
[BlackTeam "Essen Borbeck II"]
[WhiteTeamCountry "GER"]
[BlackTeamCountry "GER"]

1. d4 d5 2. c4 dxc4 3. e4 Nf6 4. Nc3 e5 5. Nf3 exd4 6. Qxd4 Qxd4 7. Nxd4 c6 8. Bxc4 b5 9. Bd3 a6 10. e5 Ng4 11. Nf3 Nd7 12. 0-0 Be7 13. Re1 Nc5 14. Bc2 Ne6 15. h3 Nh6 16. Be3 0-0 17. Rad1 Kh8 18. Be4 Bc5 19. Bxc6 Ra7 20. Bxc5 Nxc5 21. Rd5 Nb7 22. Red1 Nf5 23. Bxb7 Bxb7 24. Rd8 Kg8 25. R1d7 g6 26. Rxf8+ Kxf8 27. Ng5 1-0